| 000 | 00000nam 2200000za 4500 |
| 001 | 9.800958 |
| 003 | CaOODSP |
| 005 | 20221107134716 |
| 007 | cr ||||||||||| |
| 008 | 150526s2015||||xxc|||||o f|0| 0 fre d |
| 020 | |a978-0-660-02381-6 |
| 040 | |aCaOODSP|bfre |
| 043 | |an-cn--- |
| 086 | 1 |aT86-7/2015F-PDF |
| 245 | 00|aGuide servant à déterminer les lignes de visibilité minimales aux passages à niveau à l'intention des autorités compagnies de chemin de fer |h[ressource électronique]. |
| 260 | |aOttawa : |bTransports Canada, |c2015. |
| 300 | |a13 p. : |bphotos, tableaux, figs. |
| 500 | |aPublié aussi en anglais sous le titre : Determining minimum sightlines at grade crossings : a guide for road authorities and railway companies. |
| 692 | 07|2gccst|aSécurité ferroviaire |
| 710 | 1 |aCanada. |bTransports Canada. |
| 775 | 08|tDetermining minimum sightlines at grade crossings |w(CaOODSP)9.800957 |
| 856 | 40|qPDF|s913 Ko|uhttps://publications.gc.ca/collections/collection_2016/tc/T86-7-2015-fra.pdf |
| 986 | |aTP No. 15293 F |